000 00543nam a2200169Ia 4500
999 _c24800
_d24800
003 OSt
005 20201208110605.0
008 190216s9999||||xx |||||||||||||| ||und||
040 _coclc
082 _a894.812
_bCOM/A
100 _aCommittee, Shashtyabdapoorthi Celebration
_97284
245 0 _aAntharjanam :
_bOru Padanam /
_cShashtyabdapoorthi Celebration Committee
260 _bNational Book Stall,
_aKottayam:
_c1969.
300 _a142p
650 _aNiroopanam
942 _cBK
_2ddc
_h894.812
_iCOM/A
_k894.812
_mCOM/A